00686nam a2200229 a 4500001001300000003000900013005001700022008004100039020001000080082001800090100001500108245005300123260005000176300000900226500003500235650002000270700001500290902000800305942000700313952011900320999001700439nice12345678IN_TiNIC20260116014318.0070319s1954 hyda grp 000 0 urd  ac30000a297.822bALI1 aAli, Zahid aHamare Ismaili Mazhab Ki Haqiqat Aur Us Ka Nizam aHyderabad bAcademy of Islamic Studies c1954 a664p aincludes index and biblioraphy aIsmailis-Hitory1 aAli, Zahid bSRS cBK 001040708StackRoom-aHMIbHMId2007-04-20g300.00l0o297.822 ALI1p021751r2007-04-20v300.00w2007-03-19yBK c14760d14760